00700nam a2200193 a 450000100100000000500170001000800410002702000150006804000250008308200180010810000320012624500990015826000390025730000280029650000550032450000710037965000210045070000350047100004563920201002052348.0150420s2001 dr a 000 0 spa d a9993433314 aDO-SdBNPbspacBNPHU a617.96bH557f1 aHernández Polanco, Rafael10aFundamentos de anestesiología /cRafael Hernández Polanco ; prólogo Ramón Díaz Cruz. aSanto Domingo :bMediabyte,c2001. a280 p. :bil. ;c23 cm. aIncluye bibliografía al final de los capítulos aIncluye datos biográficos del autor en la solapa de la cubierta. 4aAnestesiología12aDíaz Cruz, Ramón,epról.